000 00315 a2200133 4500
005 20250506113927.0
020 _a978-0-241-27584-9
082 _a823.92 SAU
100 _aSAUMA, L.
245 _aFlesh and Bone and Water
260 _aAustralia,
_bViking,
_c2017.
300 _a235p.,
_c22cm.
942 _2ddc
_cBKS
999 _c2009
_d2009